Asian dominance to continue (Record no. 54501)

MARC details
000 -LEADER
fixed length control field 00299nam a2200121Ia 4500
245 #0 - TITLE STATEMENT
Title Asian dominance to continue
260 ## - PUBLICATION, DISTRIBUTION, ETC. (IMPRINT)
Name of publisher Polymer & Tyre Asia
Year of publication 2011
300 ## - PHYSICAL DESCRIPTION
Number of Pages 64, 65,70
500 ## - GENERAL NOTE
General note Source Year: 2017
650 ## - SUBJECT ADDED ENTRY--TOPICAL TERM
Topical Term NR sector
942 ## - ADDED ENTRY ELEMENTS (KOHA)
Koha item type Journals
Holdings
Withdrawn status Lost status Damaged status Not for loan Home library Current library Shelving location Date acquired Serial Enumeration / chronology Koha item type
      Journals RRII Library RRII Library General 28/11/2011 Volume 2, Issue 4 Journals